000 00403nam a2200169Ia 4500
999 _c2780
_d2780
003 GBCCL
005 20241126110439.0
008 170919b xxu||||| |||| 00| 0 eng d
040 _cgbc
082 _a266
_bDEV
100 _aDevries, John F
_95878
245 _aMission vision
260 _aMadras :
_bIndian Bible literature
_c1991
300 _a191p.;
650 _aMission
_93649
942 _2ddc
_cBK
_04